000 00262nam a22001217a 4500
003 SGT
082 _a616.89
_bP17D
100 _aDOGRA, NISHA
245 _aPSYCHIATRY BY TEN TEACHERS
260 _aROCA RATON
_b CRC
_c2017
300 _a281
942 _2ddc
_cBK
_01
999 _c14989
_d14989